[Event "National Open 2012"]
[Site "Las Vegas USA"]
[Date "2012.06.16"]
[Round "3"]
[White "Brown, Michael William"]
[Black "Mc Entee, Tim R."]
[Result "1-0"]
[WhiteElo "2224"]
[BlackElo "2166"]
[WhiteFideId "2037602"]
[BlackFideId "2022770"]
[EventDate "2012.06.15"]

1. d4 d5 2. c4 c6 3. cxd5 cxd5 4. Nf3 Nf6 5. Nc3 Nc6 6. Bf4 e6 7. e3 Nh5 8. Be5
Be7 9. Bd3 a6 10. h3 Nxe5 11. dxe5 g6 12. O-O O-O 13. Qb3 b5 14. Nd4 Bc5 15.
Nce2 Bd7 16. Rac1 Qb6 17. g4 Ng7 18. f4 Rac8 19. Kg2 Kh8 20. Qc3 b4 21. Qd2 Bb5
22. Bxb5 axb5 23. Qd3 Ra8 24. Ra1 Rab8 25. Rfc1 Rfc8 26. Rc2 Bxd4 27. Nxd4 Rc4
28. b3 Rxc2+ 29. Qxc2 Ne8 30. Qd2 Qa5 31. Nc6 1-0

[Event "National Open 2012"]
[Site "Las Vegas USA"]
[Date "2012.06.16"]
[Round "3"]
[White "Graves, Peter2"]
[Black "Anzis, Matt"]
[Result "1-0"]
[WhiteElo "2170"]
[BlackElo "2077"]
[WhiteFideId "2040107"]
[BlackFideId "2036487"]
[EventDate "2012.06.15"]

1. Nf3 d5 2. d4 Nf6 3. c4 c6 4. Qb3 e6 5. Bg5 Be7 6. Nc3 Nbd7 7. e3 b6 8. Be2
Bb7 9. O-O O-O 10. Rac1 a6 11. h3 dxc4 12. Bxc4 b5 13. Rfd1 Re8 14. Be2 Qb6 15.
e4 c5 16. d5 c4 17. Qc2 Bc5 18. Bh4 exd5 19. exd5 Rad8 20. b3 cxb3 21. Qxb3 Nf8
22. a4 b4 23. a5 Qxa5 24. Na4 Bd6 25. Bc4 Rc8 26. Ra1 Ne4 27. Qd3 Qc7 28. Bxa6
Ng6 29. Bxb7 Qxb7 30. Re1 Nxh4 31. Nxh4 Nc5 32. Nxc5 Bxc5 33. d6 Rxe1+ 34. Rxe1
Rd8 35. Re7 Qb6 36. Nf5 g6 37. Qd5 Rf8 38. Nh6+ Kg7 39. Nxf7 Bxf2+ 40. Kh1 Bh4
41. Ng5+ 1-0

[Event "National Open 2012"]
[Site "Las Vegas USA"]
[Date "2012.06.16"]
[Round "3"]
[White "Atoufi, Pedram"]
[Black "Finegold, Benjamin"]
[Result "1/2-1/2"]
[WhiteTitle "FM"]
[BlackTitle "GM"]
[WhiteElo "2279"]
[BlackElo "2494"]
[WhiteFideId "12501654"]
[BlackFideId "2000261"]
[EventDate "2012.06.15"]

1. e4 c5 2. Nf3 Nc6 3. d4 cxd4 4. Nxd4 Nf6 5. Nc3 d6 6. Be2 e5 7. Nf3 Be7 8. O-O
h6 9. Re1 O-O 10. h3 Be6 11. Bf1 Nb8 12. b3 Nbd7 13. Bb2 a6 14. a4 Qb8 15. Nd2
Nb6 16. a5 Nc8 17. Nc4 b5 18. axb6 Nxb6 19. Nxb6 Qxb6 20. Nd5 Nxd5 21. exd5 Bd7
22. Bd3 a5 23. Ba3 f5 24. c4 e4 25. Bc2 Bf6 26. Rb1 Bc3 27. Re3 Bd4 28. Re2 e3
29. f3 Bc5 30. Bb2 f4 31. Qd3 Bf5 32. Qc3 Qc7 33. Bxf5 Rxf5 34. Ra1 Rg5 35. Qd3
Rb8 36. Qe4 Rxb3 37. Qe8+ Kh7 38. Qe4+ Kg8 39. Qe8+ Kh7 40. Qe4+ g6 41. Qxf4 Rf5
42. Qh4 Rf7 43. Bf6 Bb6 44. Bg5 h5 45. Rae1 a4 46. c5 Qxc5 47. Qxa4 Qxd5 48.
Bxe3 Rxe3 49. Rxe3 Qd2 50. Qb3 Qxe1+ 51. Kh2 Bxe3 52. Qxf7+ Kh6 53. Qf8+ Kg5 54.
Qe7+ Kh6 1/2-1/2

[Event "National Open 2012"]
[Site "Las Vegas USA"]
[Date "2012.06.16"]
[Round "3"]
[White "Bachmann, Axel"]
[Black "Sevillano, Enrico"]
[Result "0-1"]
[WhiteTitle "GM"]
[BlackTitle "IM"]
[WhiteElo "2566"]
[BlackElo "2517"]
[WhiteFideId "3700488"]
[BlackFideId "5200156"]
[EventDate "2012.06.15"]

1. Nf3 Nf6 2. g3 d5 3. Bg2 c6 4. O-O Bf5 5. d3 Nbd7 6. Nh4 Be6 7. f4 g6 8. c3
Qb6+ 9. Kh1 Ng4 10. d4 Nh6 11. Nd2 Nf5 12. Nxf5 Bxf5 13. e4 dxe4 14. Nxe4 Bg7
15. g4 Be6 16. f5 Bd5 17. Qe2 O-O 18. fxg6 fxg6 19. Bg5 e5 20. dxe5 Bxe5 21. Bh6
Rfe8 22. Qd2 Rad8 23. Bg5 Bxe4 24. Bxe4 Bf6 25. Bc2 Qb5 26. Bb3+ Kg7 27. Bh6+
Kh8 28. Rae1 c5 29. Qd5 Re5 30. Bc4 Rxd5 31. Bxb5 Bh4 32. Re4 Nf6 33. Re7 Nxg4
34. Bg7+ Kg8 35. Rxb7 Ne3 36. Rg1 Bf2 37. h4 Bxg1 38. Kxg1 Rf5 39. Rxa7 Rd1+ 40.
Kh2 Rd2+ 41. Kg3 Rg2+ 0-1

[Event "National Open 2012"]
[Site "Las Vegas USA"]
[Date "2012.06.16"]
[Round "3"]
[White "Mikhalevski, Victor"]
[Black "Sharma, Arun"]
[Result "1/2-1/2"]
[WhiteTitle "GM"]
[WhiteElo "2519"]
[BlackElo "2331"]
[WhiteFideId "2801914"]
[BlackFideId "2008998"]
[EventDate "2012.06.15"]

1. c4 e6 2. g3 Nf6 3. Nf3 d5 4. b3 dxc4 5. bxc4 b6 6. Bg2 Bb7 7. O-O c5 8. Bb2
Be7 9. a4 O-O 10. a5 Na6 11. Nc3 Nb4 12. d3 Nd7 13. Ra3 Qc8 14. Qd2 Nc6 15. axb6
axb6 16. Rfa1 Rxa3 17. Rxa3 Nd4 18. Nb5 Nxb5 19. cxb5 Qc7 20. Qf4 Qxf4 21. gxf4
Ra8 22. Rxa8+ Bxa8 23. Ne5 Nxe5 24. Bxa8 Nd7 25. e4 Kf8 26. Bc6 Nb8 27. Bb7 Bd6
28. e5 Be7 29. Kf1 g6 30. Ke2 Ke8 31. d4 cxd4 32. Bxd4 Bd8 33. Kd3 Kd7 34. Kc4
Kc7 35. Bf3 Kd7 36. Bg2 Bc7 37. Ba8 Bd8 38. Bh1 Bc7 39. Bb7 Bd8 40. Ba8 Bc7 41.
Bh1 Bd8 42. Kd3 Bc7 43. Ba8 Bd8 44. Ke3 Bc7 45. Kf3 Bd8 46. Kg4 Kc7 47. f3 Kd7
48. Bf2 Kc7 49. Kh3 Kd7 50. Kg2 Bc7 51. Kf1 Bd8 52. Ke2 Kc7 53. Kd3 Kd7 54. Kc4
Kc7 55. Kc3 Kd7 56. Kd3 Kc7 57. Kc4 Kd7 58. Be4 Kc7 59. h4 Kd7 60. h5 Kc7 61.
Bg3 Kd7 62. Be1 Be7 63. Bf2 Bd8 64. Kd3 Kc7 65. Ke2 Kd7 66. Kf1 Kc7 67. Kg2 Kd7
68. Kh2 Kc7 69. Kh3 Kd7 70. Be1 Be7 71. Kg4 Kc7 72. Bh4 Bxh4 73. Kxh4 Kd7 74.
hxg6 1/2-1/2

[Event "National Open 2012"]
[Site "Las Vegas USA"]
[Date "2012.06.16"]
[Round "3"]
[White "Rubsamen, Cornelius"]
[Black "Wallach, Kenneth"]
[Result "1/2-1/2"]
[WhiteElo "2232"]
[BlackElo "2175"]
[WhiteFideId "2013851"]
[BlackFideId "2012391"]
[EventDate "2012.06.15"]

1. e4 c5 2. Nf3 g6 3. d4 cxd4 4. Nxd4 Nc6 5. Nc3 Bg7 6. Be3 Nf6 7. Bc4 O-O 8.
Bb3 a5 9. f3 d5 10. Bxd5 Nxd5 11. Nxd5 f5 12. Nxc6 bxc6 13. Nb6 Rb8 14. Qxd8
Rxd8 15. Rd1 Rxd1+ 16. Kxd1 Bxb2 17. Nxc8 Rxc8 18. exf5 gxf5 19. Ke2 Kf7 20. Rb1
Be5 21. f4 Bc7 22. Rb7 Ke6 23. g3 h5 24. Ra7 Kd5 25. Bd2 Kc4 26. Bxa5 Bd6 27.
Be1 Bc5 28. Ra4+ Kb5 29. Ra5+ Kb6 30. a3 e6 31. Bb4 Bd4 32. c3 Bf6 33. c4 Bd4
34. Be1 Rg8 35. Ra4 Bc5 36. Ba5+ Kb7 37. Bd2 h4 38. Be3 Bxe3 39. Kxe3 hxg3 40.
hxg3 c5 41. Ra5 1/2-1/2

[Event "National Open 2012"]
[Site "Las Vegas USA"]
[Date "2012.06.16"]
[Round "3"]
[White "Stewart, William John"]
[Black "Finegold, Benjamin"]
[Result "1/2-1/2"]
[BlackTitle "GM"]
[WhiteElo "2217"]
[BlackElo "2494"]
[WhiteFideId "2036762"]
[BlackFideId "2000261"]
[EventDate "2012.06.15"]

1. e4 c5 2. Nf3 Nc6 3. d4 cxd4 4. Nxd4 Nf6 5. Nc3 d6 6. g3 e5 7. Nde2 Bg4 8. Bg2
Qd7 9. h3 Be6 10. Nd5 Be7 11. Be3 O-O 12. g4 Bd8 13. Ng3 Bxd5 14. exd5 Ne7 15.
Qd2 Qb5 16. O-O-O Ba5 17. Qd3 Qxd3 18. Rxd3 Nd7 19. Ne4 Bc7 20. Rhd1 h6 21. Rb3
b6 22. Rc3 Rac8 23. Rc6 Nxc6 24. dxc6 Nc5 25. Nxd6 Bxd6 26. Rxd6 Ne6 27. a4 Rfd8
28. Rd2 Rxd2 29. Kxd2 Nd8 30. c4 Nxc6 31. Kc3 Kf8 32. b4 Ke7 33. a5 bxa5 34. b5
Nd4 35. Bxd4 exd4+ 36. Kxd4 Kd6 37. Bd5 f6 38. h4 a4 39. h5 Rc5 40. Kc3 Rc7 41.
Kb4 Re7 42. Kxa4 Kc5 43. Ka5 Rc7 44. Ka6 Kd6 45. f3 Kd7 46. Bg8 Kc8 47. Bd5 Kb8
48. Bc6 Re7 49. Be4 Re6+ 50. Ka5 Kc7 51. c5 Re5 52. Kb4 Re8 53. Ka5 Rd8 54. Ka6
Rd2 55. b6+ axb6 56. cxb6+ Kb8 57. Kb5 Rf2 58. Kc5 f5 59. Bxf5 Rxf3 60. Kd4 Rb3
61. Kc5 Rc3+ 62. Kd4 Rc6 63. b7 Rb6 64. Be4 Kc7 65. Ke5 Kd7 66. Kf4 Rb5 67. Bd5
Kd6 68. Be4 Ke7 69. Bc6 Rb1 70. Kf5 Rb4 71. Kg6 Kf8 72. g5 Rb6 73. Kf5 Kf7 74.
Bd5+ Ke7 75. gxh6 gxh6 76. Bc6 Kd6 77. Be4 Rb5+ 78. Kg6 Ke5 79. Bh1 Rb6+ 80. Kf7
Kd6 81. Kg7 Ke7 82. Be4 Rb4 83. Kxh6 Kf8 84. Bd5 Rb5 85. Kg6 Rb6+ 86. Kf5 Kg7
87. Ke5 Kh6 88. Bf3 Rxb7 89. Bxb7 Kxh5 1/2-1/2

[Event "National Open 2012"]
[Site "Las Vegas USA"]
[Date "2012.06.16"]
[Round "3"]
[White "Atoufi, Pedram"]
[Black "Gulamali, Kazim"]
[Result "1/2-1/2"]
[WhiteTitle "FM"]
[BlackTitle "FM"]
[WhiteElo "2279"]
[BlackElo "2346"]
[WhiteFideId "12501654"]
[BlackFideId "2024764"]
[EventDate "2012.06.15"]

1. e4 g6 2. d4 Bg7 3. Nc3 d6 4. Nf3 c6 5. Be2 Nd7 6. O-O b5 7. Bf4 b4 8. Nb1
Ngf6 9. Nbd2 O-O 10. h3 c5 11. e5 Nd5 12. Bg3 cxd4 13. exd6 e5 14. Nc4 Re8 15.
a3 Bb7 16. axb4 Nxb4 17. c3 dxc3 18. bxc3 Nd5 19. Qb3 Qc8 20. Na5 Nc5 21. Qc4
Nb6 22. Qh4 Bxf3 23. Bxf3 e4 1/2-1/2

[Event "National Open 2012"]
[Site "Las Vegas USA"]
[Date "2012.06.16"]
[Round "3"]
[White "Finegold, Benjamin"]
[Black "Altounian, Levon"]
[Result "1/2-1/2"]
[WhiteTitle "GM"]
[BlackTitle "IM"]
[WhiteElo "2494"]
[BlackElo "2428"]
[WhiteFideId "2000261"]
[BlackFideId "2011298"]
[EventDate "2012.06.15"]

1. b3 Nf6 2. Bb2 g6 3. Nf3 Bg7 4. e3 O-O 5. c4 c5 6. Be2 d5 7. cxd5 Qxd5 8. d3
Nc6 9. a3 Rd8 10. Nbd2 Ng4 11. Bxg7 Kxg7 12. O-O b6 13. Qc2 Nge5 14. Rfd1 Bb7
15. Nc4 Nxc4 16. bxc4 Qf5 17. Qc3+ Qf6 18. Rac1 Rd7 19. Nd2 Rad8 20. Qxf6+ Kxf6
21. f4 Kg7 22. Kf2 e5 23. g3 f5 24. Nf3 Kf6 25. Rb1 h6 26. fxe5+ Nxe5 27. Nxe5
Kxe5 28. a4 Bc6 29. Ra1 a5 30. Rdb1 Rb8 31. Ra3 Kd6 32. Bf3 Kc7 33. Bxc6 Kxc6
34. Rab3 Rd6 35. Kf3 Kc7 36. h4 Rbd8 37. Kf4 Re8 38. Kf3 Re5 39. Rd1 Re7 40. Rb2
Red7 41. Rbd2 Re7 42. Kf4 Rde6 43. Re2 h5 44. e4 Rd7 45. Kf3 Rf7 46. Kg2 Rd7 47.
Kf3 Rf7 48. Ke3 Rd7 49. Rc1 Rd4 50. Kf4 Rxd3 51. e5 Rd4+ 52. Kf3 Rd3+ 53. Kf4
Rd4+ 54. Kf3 Rd3+ 55. Kf4 Rd4+ 1/2-1/2

[Event "National Open 2012"]
[Site "Las Vegas USA"]
[Date "2012.06.16"]
[Round "3"]
[White "Hansen, Eric"]
[Black "Kekelidze, Mikheil"]
[Result "0-1"]
[WhiteTitle "IM"]
[BlackTitle "GM"]
[WhiteElo "2454"]
[BlackElo "2494"]
[WhiteFideId "2606771"]
[BlackFideId "13600818"]
[EventDate "2012.06.15"]

1. e4 c5 2. Nf3 e6 3. d4 cxd4 4. Nxd4 a6 5. Nc3 Qc7 6. Bd3 Nf6 7. O-O Nc6 8.
Nxc6 bxc6 9. f4 d5 10. Kh1 Be7 11. Qe2 Bb7 12. b3 h5 13. e5 Nd7 14. Na4 g6 15.
c4 d4 16. Be4 c5 17. Bd2 Bc6 18. Qf3 Rc8 19. Nb2 Nb8 20. Nd3 Bxe4 21. Qxe4 Nc6
22. Rf3 a5 23. Rh3 Kd7 24. Be1 Ra8 25. Bh4 Rhb8 26. Bf6 a4 27. bxa4 Rxa4 28. g4
Nb4 29. Nxb4 Raxb4 30. gxh5 gxh5 31. f5 Qb7 32. fxe6+ fxe6 33. Qxb7+ R8xb7 34.
Bxe7 Kxe7 35. Rxh5 Rb1+ 36. Rxb1 Rxb1+ 37. Kg2 Rb4 38. Kf3 Rxc4 39. Ke4 Rc3 40.
Rh7+ Kd8 41. Rb7 Re3+ 42. Kf4 Rh3 43. Rb6 Kc7 44. Rd6 Rh4+ 45. Kg5 Re4 46. Kf6
c4 47. Kxe6 c3 48. Rd5 Kb6 49. Kf5 Re1 50. Rxd4 c2 51. Rc4 c1=Q 52. Rxc1 Rxc1
53. h4 Rh1 54. Kg5 Kc6 55. h5 Kd5 56. h6 Ke6 57. Kg6 Rg1+ 58. Kh7 Kf7 0-1

[Event "National Open 2012"]
[Site "Las Vegas USA"]
[Date "2012.06.16"]
[Round "3"]
[White "Mascarenhas, Alberto Pinheiro"]
[Black "Helfst, Matt D"]
[Result "1-0"]
[WhiteTitle "FM"]
[WhiteElo "2246"]
[BlackElo "1930"]
[WhiteFideId "2100363"]
[BlackFideId "2044102"]
[EventDate "2012.06.15"]

1. c4 e6 2. e4 d5 3. cxd5 exd5 4. exd5 Qxd5 5. Nc3 Qd7 6. Nf3 Bd6 7. Bb5 Nc6 8.
O-O Nge7 9. d4 a6 10. Bd3 h6 11. Ne4 O-O 12. Bxh6 Nf5 13. Be3 Re8 14. Re1 Bb4
15. Re2 Rd8 16. a3 Ba5 17. Nc5 Qd6 18. Bxf5 1-0

[Event "National Open 2012"]
[Site "Las Vegas USA"]
[Date "2012.06.16"]
[Round "4"]
[White "Gareev, Timur"]
[Black "Yankovsky, Roman"]
[Result "1-0"]
[WhiteTitle "GM"]
[BlackTitle "IM"]
[WhiteElo "2654"]
[BlackElo "2466"]
[WhiteFideId "14200937"]
[BlackFideId "24110760"]
[EventDate "2012.06.15"]

1. d4 Nf6 2. c4 g6 3. Nc3 d5 4. e3 Bg7 5. cxd5 Nxd5 6. Nxd5 Qxd5 7. Ne2 O-O 8.
Nc3 Qd8 9. Be2 c6 10. O-O e5 11. dxe5 Bxe5 12. e4 Be6 13. f4 Qxd1 14. Rxd1 Bxc3
15. bxc3 Nd7 16. Be3 Nb6 17. a4 Bb3 18. Rdb1 Bxa4 19. Rb4 Bb5 20. c4 Ba6 21. Kf2
Nd7 22. Kf3 c5 23. Rba4 Nb6 24. Rxa6 bxa6 25. Rxa6 Nd7 26. e5 Nb8 27. Ra5 Nc6
28. Rxc5 Rfc8 29. Bd1 a5 30. Ba4 Nb4 31. Ke4 Rxc5 32. Bxc5 Rc8 33. Kd4 Nc6+ 34.
Kd5 Nb4+ 35. Bxb4 axb4 36. c5 Kf8 37. c6 Ke7 38. Kc5 Kd8 39. Kd6 h5 40. Bb3 Rc7
41. g3 Ra7 42. h3 Rc7 43. g4 hxg4 44. hxg4 Ra7 45. f5 gxf5 46. gxf5 Rc7 47. f6
Rd7+ 48. Kc5 Ra7 49. Kb6 Rc7 50. Kc5 Ra7 51. e6 fxe6 52. Kd6 Ke8 53. Bxe6 Ra3
54. c7 Rd3+ 55. Bd5 1-0

[Event "National Open 2012"]
[Site "Las Vegas USA"]
[Date "2012.06.16"]
[Round "4"]
[White "Kudrin, Sergey"]
[Black "Diamant, Andre"]
[Result "0-1"]
[WhiteTitle "GM"]
[BlackTitle "GM"]
[WhiteElo "2550"]
[BlackElo "2472"]
[WhiteFideId "2000164"]
[BlackFideId "2108356"]
[EventDate "2012.06.15"]

1. e4 c5 2. Nf3 Nc6 3. d4 cxd4 4. Nxd4 g6 5. Nc3 Bg7 6. Be3 Nf6 7. Bc4 O-O 8.
Bb3 a5 9. O-O d6 10. Ndb5 a4 11. Nxa4 Nxe4 12. Bb6 Qd7 13. Qe2 Nf6 14. c4 Qe6
15. Qd1 Qf5 16. Nc7 Rb8 17. Nc3 Bd7 18. Re1 Rbc8 19. Qd2 Ne5 20. N7d5 Nxd5 21.
Nxd5 Rfe8 22. Nc7 Bc6 23. f4 Rxc7 24. Bxc7 Nxc4 25. Bxc4 Qc5+ 26. Kh1 Qxc4 27.
Ba5 Bh6 28. Rf1 e5 29. Rac1 Qxa2 30. Bc3 d5 31. b4 Qxd2 32. Bxd2 d4 33. Kg1 e4
34. Rc5 e3 35. Bc1 Bf8 36. Re5 Rxe5 37. fxe5 Bxb4 0-1

[Event "National Open 2012"]
[Site "Las Vegas USA"]
[Date "2012.06.16"]
[Round "4"]
[White "Wheeler, Cameron"]
[Black "Kelley, Dereque D"]
[Result "1-0"]
[WhiteElo "2066"]
[BlackElo "2242"]
[WhiteFideId "2060531"]
[BlackFideId "2038439"]
[EventDate "2012.06.15"]

1. c4 Nf6 2. g3 c6 3. Nf3 d5 4. Bg2 dxc4 5. a4 a5 6. Qc2 Qd5 7. Na3 Be6 8. O-O
Na6 9. Qc3 Qc5 10. Ne5 Nd5 11. Qxc4 Qxc4 12. Nexc4 Nc5 13. Nc2 Nf4 14. gxf4 Bxc4
15. d3 Bb3 16. Nd4 O-O-O 17. Be3 e6 18. Rfc1 Rxd4 19. Bxd4 Nxa4 20. Bc3 Nxc3 21.
Rxc3 a4 22. Bf3 Bb4 23. Rxb3 1-0

[Event "National Open 2012"]
[Site "Las Vegas USA"]
[Date "2012.06.16"]
[Round "4"]
[White "Helfst, Matt D"]
[Black "Liu, Daniel"]
[Result "1-0"]
[WhiteElo "1930"]
[BlackElo "2105"]
[WhiteFideId "2044102"]
[BlackFideId "2054736"]
[EventDate "2012.06.15"]

1. Nf3 g6 2. d4 Nf6 3. e3 d5 4. b3 Bg7 5. Bb2 O-O 6. c4 b6 7. Bd3 Bb7 8. O-O
Nbd7 9. Qe2 c5 10. dxc5 Nxc5 11. cxd5 Nxd3 12. Qxd3 Bxd5 13. Nbd2 Rc8 14. Rac1
Bb7 15. Qe2 Qd5 16. Ba3 Rfe8 17. Rxc8 Rxc8 18. Rc1 Rxc1+ 19. Bxc1 Ne4 20. Nxe4
Qxe4 21. h3 Be5 22. Qb5 Bd6 23. Qe2 Qf5 24. Nd4 Qe5 25. f4 Qe4 26. Qf2 e5 27.
Nb5 Bc5 28. fxe5 Qxe5 29. Nd4 Qe4 30. Qd2 a6 31. Nf3 Qd5 32. Qe2 Qh5 33. Kf2 Qd5
34. Kg1 Qe6 35. Kf2 f6 36. Bb2 Kf7 37. Nd4 Qe4 38. Nf3 Ke7 39. Qd2 1-0

[Event "National Open 2012"]
[Site "Las Vegas USA"]
[Date "2012.06.16"]
[Round "4"]
[White "Stewart, William John"]
[Black "Shankland, Samuel L"]
[Result "0-1"]
[BlackTitle "GM"]
[WhiteElo "2217"]
[BlackElo "2581"]
[WhiteFideId "2036762"]
[BlackFideId "2004887"]
[EventDate "2012.06.15"]

1. e4 c5 2. Nf3 Nc6 3. d4 cxd4 4. Nxd4 Qb6 5. Nb3 Nf6 6. Nc3 e6 7. Bd3 d6 8. a4
Be7 9. a5 Qc7 10. f4 O-O 11. O-O b6 12. Qe1 bxa5 13. Nxa5 Nxa5 14. Nb5 Qb7 15.
Rxa5 a6 16. Na3 d5 17. e5 Ne4 18. Bxe4 dxe4 19. Ra4 Bd7 20. Rxe4 Bc6 21. Re2
Bc5+ 22. Be3 Bxa3 23. bxa3 Bb5 24. Qb4 Qc6 25. Rfe1 Bxe2 26. Rxe2 Rab8 27. Qd6
Qc4 28. Rd2 Rb1+ 29. Kf2 Rc1 30. Qc5 Qxc5 31. Bxc5 Rc8 32. Ke3 g5 33. Kd4 gxf4
34. c3 f6 35. Bb4 Rd8+ 36. Bd6 Re1 37. Kc5 fxe5 38. Kc6 Kf7 39. c4 Rc8+ 40. Kb6
Rxc4 41. Bb4 Ra1 42. Rd7+ Kg6 43. Re7 Kf6 44. Rxh7 e4 45. Rh6+ Kf7 46. Bd6 e3
47. Be5 Rb1+ 0-1

[Event "National Open 2012"]
[Site "Las Vegas USA"]
[Date "2012.06.16"]
[Round "4"]
[White "Sevillano, Enrico"]
[Black "Yanayt, Eugene"]
[Result "1-0"]
[WhiteTitle "IM"]
[BlackTitle "FM"]
[WhiteElo "2517"]
[BlackElo "2242"]
[WhiteFideId "5200156"]
[BlackFideId "2020165"]
[EventDate "2012.06.15"]

1. e4 c5 2. c3 d5 3. exd5 Qxd5 4. d4 Nc6 5. Nf3 Bg4 6. Be2 cxd4 7. cxd4 e6 8.
Nc3 Qa5 9. h3 Bh5 10. O-O Nf6 11. a3 Rd8 12. Be3 Nd5 13. Qb3 Qb6 14. Qa2 Be7 15.
Nxd5 exd5 16. b4 O-O 17. Rac1 a5 18. g4 Bg6 19. b5 Nb8 20. Ne5 Nd7 21. Nxg6 Qxg6
22. Qxd5 Bxa3 23. Ra1 Nf6 24. Qxb7 Bb2 25. Rxa5 h5 26. Qg2 hxg4 27. hxg4 Bxd4
28. Bxd4 Rxd4 29. Ra8 Nxg4 30. Rxf8+ Kxf8 31. b6 Rb4 32. Qa8+ Ke7 33. Qb7+ Kf8
34. Qc8+ Ke7 35. Qc7+ Ke8 36. Qc8+ Ke7 37. Qc5+ Qd6 38. Qc7+ Ke6 39. Bc4+ Rxc4
40. Qxc4+ Kf5 41. Qxf7+ 1-0

[Event "National Open 2012"]
[Site "Las Vegas USA"]
[Date "2012.06.16"]
[Round "4"]
[White "Zierk, Steven C"]
[Black "Brown, Michael William"]
[Result "1/2-1/2"]
[WhiteTitle "IM"]
[WhiteElo "2483"]
[BlackElo "2224"]
[WhiteFideId "2034255"]
[BlackFideId "2037602"]
[EventDate "2012.06.15"]

1. e4 e5 2. Nf3 Nc6 3. d4 exd4 4. Nxd4 Bc5 5. Be3 Qf6 6. c3 Nge7 7. Bc4 O-O 8.
O-O b6 9. f4 d5 10. e5 Qh6 11. Be2 Nxe5 12. Kh1 Nc4 13. Bxc4 dxc4 14. Qf3 Bxd4
15. Bxd4 Be6 16. Nd2 Bd5 17. Qg4 c5 18. Bf2 Qg6 19. Qxg6 Nxg6 20. Bg3 f5 21.
Rfe1 Rad8 22. Nf1 Be4 23. Ne3 Bd3 24. Kg1 Rfe8 25. Kf2 h5 26. h3 Kf7 27. Rad1 b5
28. b3 cxb3 29. axb3 Be4 30. c4 a6 31. cxb5 axb5 32. Rc1 Rd2+ 33. Re2 Rxe2+ 34.
Kxe2 h4 35. Bh2 Bxg2 36. Rxc5 Bxh3 37. Rxb5 Bg4+ 38. Kd3 Rd8+ 39. Rd5 Rxd5+ 40.
Nxd5 Bf3 41. Nc3 Ke6 42. b4 Ne7 43. Kd4 Kf6 44. Kc5 g5 45. fxg5+ Kxg5 46. Kd4
Nc6+ 47. Ke3 Kg4 48. b5 Na5 49. Kf2 Nc4 50. Na4 Bd5 51. Nc5 Ba8 52. Nd3 Nd2 53.
b6 Ne4+ 54. Ke3 Kh3 55. Bc7 Ng3 56. Bd8 Nh5 1/2-1/2

[Event "National Open 2012"]
[Site "Las Vegas USA"]
[Date "2012.06.16"]
[Round "4"]
[White "Foisor, Mihaela-Veronica"]
[Black "Kaufman, Raymond"]
[Result "0-1"]
[WhiteTitle "WFM"]
[BlackTitle "IM"]
[WhiteElo "2244"]
[BlackElo "2336"]
[WhiteFideId "2270757"]
[BlackFideId "2015056"]
[EventDate "2012.06.15"]

1. c4 Nf6 2. Nc3 e5 3. g3 c6 4. Bg2 d5 5. cxd5 cxd5 6. d3 h6 7. Qb3 Nc6 8. Bd2
Nd4 9. Qd1 Be7 10. Nf3 Nc6 11. O-O O-O 12. a3 Bg4 13. h3 Be6 14. b4 a6 15. Na4
Nd7 16. Rc1 Rc8 17. Ne1 f5 18. e3 e4 19. d4 Bd6 20. Qb3 Qe7 21. Nc5 Nb6 22. Nc2
Nc4 23. Rfd1 Bf7 24. Bf1 g5 25. b5 Nxd2 26. Rxd2 Na5 27. Qa4 b6 28. Rb1 axb5 29.
Qxb5 Nc4 30. Bxc4 bxc5 31. Ba2 f4 32. dxc5 Rxc5 33. Qb7 Qe5 34. exf4 gxf4 35.
Nd4 e3 36. Nf3 Qe4 0-1

[Event "National Open 2012"]
[Site "Las Vegas USA"]
[Date "2012.06.16"]
[Round "4"]
[White "Chakraborty, Dipro"]
[Black "Bachmann, Axel"]
[Result "0-1"]
[BlackTitle "GM"]
[WhiteElo "2135"]
[BlackElo "2566"]
[WhiteFideId "2045524"]
[BlackFideId "3700488"]
[EventDate "2012.06.15"]

1. d4 g6 2. e4 Bg7 3. Nc3 d6 4. Be3 a6 5. a4 b6 6. Bd3 Bb7 7. Nf3 e6 8. O-O Nd7
9. Qd2 h6 10. Rfe1 Ne7 11. Ne2 Nf6 12. Nc3 d5 13. Bf4 g5 14. Bg3 Nh5 15. exd5
Nxg3 16. hxg3 Nxd5 17. Nxd5 Bxd5 18. Be4 O-O 19. c4 Bxe4 20. Rxe4 Qd6 21. Rd1
Rad8 22. g4 Rd7 23. Ne5 Bxe5 24. Rxe5 Rfd8 25. Qe3 Kg7 26. Rd3 Qe7 27. f4 gxf4
28. Qxf4 Qf6 29. Qe3 Rg8 30. g5 hxg5 31. Rxg5+ Kf8 32. Rxg8+ Kxg8 33. b4 Kf8 34.
Qd2 c6 35. a5 b5 36. cxb5 cxb5 37. d5 Qa1+ 38. Kf2 Qf6+ 39. Kg1 e5 40. Qc3 Qd6
41. Re3 Qxd5 42. Qxe5 Qxe5 43. Rxe5 Rd4 44. Rc5 Ke7 45. Rc6 Rd6 46. Rc3 Kd7 47.
Rb3 Rd4 48. Kf2 Kd6 49. Ke3 Ke5 50. Rc3 Re4+ 51. Kf3 Rxb4 52. Rc6 Rf4+ 53. Ke3
Rf6 54. Rc5+ Kd6 55. Rc8 Kd5 56. Kd3 Rg6 57. Rd8+ Kc5 58. Rf8 Rxg2 59. Rxf7 Kb4
60. Rf4+ Kxa5 61. Kc3 Rg3+ 62. Kb2 b4 63. Rf5+ Ka4 64. Rf6 Rg2+ 65. Kb1 a5 66.
Rf3 b3 67. Rf4+ Ka3 68. Rf1 a4 69. Ka1 Rg4 70. Rd1 Kb4 71. Kb2 a3+ 72. Kb1 a2+
73. Kb2 Rg2+ 74. Ka1 Ka3 75. Rb1 axb1=Q+ 76. Kxb1 Rg1# 0-1

[Event "National Open 2012"]
[Site "Las Vegas USA"]
[Date "2012.06.16"]
[Round "4"]
[White "Kekelidze, Mikheil"]
[Black "Bykhovsky, Anatoly"]
[Result "0-1"]
[WhiteTitle "GM"]
[BlackTitle "GM"]
[WhiteElo "2494"]
[BlackElo "2516"]
[WhiteFideId "13600818"]
[BlackFideId "2806991"]
[EventDate "2012.06.15"]

1. d4 Nf6 2. c4 g6 3. Nc3 d5 4. Bg5 Ne4 5. h4 Nxc3 6. bxc3 dxc4 7. e4 c5 8. Bxc4
Bg7 9. e5 Qa5 10. Qf3 e6 11. Bd2 Nc6 12. Ne2 Qc7 13. Bd3 b6 14. h5 Bb7 15. Qg4
O-O-O 16. f4 Kb8 17. hxg6 hxg6 18. Rxh8 Rxh8 19. Kf2 Rd8 20. Rc1 Qd7 21. Bb5
Nxe5 22. fxe5 Qxb5 23. Bg5 Rc8 24. Be7 Bf8 25. Qg5 Ba6 26. c4 Qe8 27. Bxf8 Qxf8
28. d5 exd5 29. cxd5 Bxe2 30. Kxe2 Qd8 31. Qd2 Qh4 32. Kf1 Qh1+ 33. Kf2 Qh4+ 34.
Kg1 Rh8 35. d6 Qh2+ 36. Kf2 Qxe5 37. Re1 Qf6+ 38. Kg1 Rd8 39. Rd1 Qd4+ 40. Qxd4
cxd4 41. Rxd4 f5 42. Kf2 Kb7 43. Ke3 Kc6 44. Kf4 Rxd6 45. Ra4 a5 46. Kg5 Kb5 47.
Rf4 Kc5 48. a4 b5 49. axb5 Kxb5 50. Rf1 a4 51. Rb1+ Kc4 52. Rc1+ Kb3 53. Rb1+
Kc2 54. Ra1 Ra6 0-1